000 00578nam a2200217 a 4500
001 BRCA_7671
005 20190320205934.0
008 150813s1956----nyu#######---#000-0#eng-#
041 _aeng
044 _anyu
050 4 _aPZ3
_b.G37 1956
100 1 _aGardner, Erle Stanley
_d1889-1970
_910568
245 1 0 _aThe case of the grinning gorilla
_cErle Stanley Gardner.
260 _aNueva York
_bPocket Books
_c1956
300 _avii, 182 p.
_c16 cm.
440 0 _aMistery
_n1121
_918935
500 _aU8
650 1 4 _aNovelas policiacas
_9877
902 _aGFM
942 _2lcc
_cB
999 _c7345
_d7345